000 01008cam a2200289 4500
001 ABS61627
008 000000n1999 000 0 eng u
035 _a(Sirsi) u101733
110 _aDavis Langdon and Everest
_91155
245 _aCost model: property taxation
260 _c1999
490 _aBuilding
_v264(8110) 29 October 1999, 66-73(8)
520 _aDiscusses the various different types of taxation which relate to property and construction, and, using an office refurbishment project as an example, looks at ways in which the tax burden can be reduced.
590 _aABS
650 _aPROPERTY TAXES
650 _aTAX ALLOWANCES
650 _aCONSTRUCTION PROJECTS
650 _aBUILT ENVIRONMENT-BUILDING MAINTENANCE AND REFURBISHMENT
650 _aOFFICES
650 _aCAPITAL ALLOWANCES
650 _aDAVIS LANGDON & EVEREST
650 _aCOST MODELS
650 _aBUILT ENVIRONMENT-BUILDING COSTS
650 _aPROPERTY DEVELOPMENT
690 _aTAXATION
942 _n0
999 _c60856
_d60856